Responses for show #4040 - Friday, March 8, 2002

Jason McCune game 4.

Contestants

Patricia Leeb-Hart, a computer network engineer from Alameda, California

Dave Simon, a pediatrics resident from New Orleans, Louisiana

Jason McCune, an actor originally from Jasper, Indiana (whose 3-day cash winnings total $60,041)

Jeopardy! Round responses

STATES' HIGHEST POINTS
MAJOR LEAGUE BASEBALL
DIAMONDS
GET A JOB!
INTERNATIONAL "K"UISINE
SPELLING BEE
(Alex: And you do have to spell the correct response.)
    $200 21
Alaska

Patricia
    $200 6
Ken Griffey, Jr.

Dave
    $200 11
8

Jason
    $200 26
a barber

Patricia
    $200 1
a kangaroo

Patricia
    $200 16
M-I-S-S-I-S-S-I-P-P-I

Dave
    $400 22
(Patricia: What is New Hampshire?)
...
(Alex: [*]--with the Parishes, yes.)

Louisiana

JasonPatricia
    $400 7
Hideo Nomo

Jason
    $400 12
a carat

Jason
    $400 27
a beekeeper

Patricia
    $400 2
Kobe beef

Patricia
    $400 17
R-E-A-G-A-N

Patricia
    $600 23
New Mexico

Jason
    $600 8
Babe Ruth

Jason
    $600 13
the Hope Diamond

Dave
    $600 28
a taxidermist

Patricia
    $600 3
a Kielbasa

Jason
    $600 18
Z-I-M-B-A-B-W-E

Dave
    $1,000 24
(Jason: [Shakes head] What is Vermont?)
(Alex: No; wrong part of the country. [*] and sunflowers are associated. So you lost just $1,000 and we have a minute left.)

Kansas

Jason
    $800 9
Tommy Lasorda

Dave
    $800 14
(Patricia: Who was the empress of Russia?)
(Alex: Need a name.)
(Patricia: I'm sorry.)
(Alex: Okay.)
...
(Alex: "Who is [*]?" That's the empress we were going for.)

Catherine the Great

Patricia
Triple Stumper
    $800 29
a veterinarian

Patricia
    $800 4
Kung Pao

Jason
    $800 19
G-O-L-I-A-T-H

Patricia
    $1000 25
(Patricia: What is South Dakota?)
(Dave: What's Arizona?)
...
(Alex: Jason doesn't want to try? "What is [*]?" But go again, Jason.)

Oklahoma

DavePatricia
Triple Stumper
    $1000 10
the Colorado Rockies

Dave
    $1000 15
carbon dioxide

Patricia
    $1000 30
a notary

Jason
    $1000 5
(Alex: Have you ever tried it?)
(Jason: Yes.)
(Alex: It's hot.)
(Jason: It is.)
(Alex: Yes, indeed.)

kimchi

Jason
    $1000 20
(Alex: Your "nee-me-sis"; your "ne-me-sis".)
[Laughter]
(Alex: I know; just playing.)

N-E-M-E-S-I-S

Triple Stumper

Scores at the first commercial break (after clue 15):

Jason Dave Patricia
$4,000 $2,600 $800

Scores at the end of the Jeopardy! Round:

Jason Dave Patricia
$5,000 $2,400 $2,800

Double Jeopardy! Round responses

A GAME OF CHESS
(Alex: A tough game.)
DOWN THE VIDEO TUBE
ARCHITECTURE
WORD PUZZLES
COLOSSUS
OF RHODES
    $400 1
check

Dave
    $400 4
Mister Rogers (or Fred Rogers)

Dave
    $400 11
a column

Jason
    $400 26
"Roger, over and out"

Dave
    $400 14
an elephant

Jason
    $400 21
(Jason: Uh...)
(Alex: Say something!)
[time runs out]
(Alex: Oh, too much time.)

Greece

JasonPatricia
    $800 2
pawn to king 4

Dave
    $800 7
(Jason: Uh...what is [*]?)
(Alex: Yessss!)

The Twilight Zone

Jason
    $800 12
Gothic

Patricia
    $800 27
(Jason: [*].)
(Alex: No.)
(Jason: What is [*]?)
(Alex: Woah, you got it in there in the nick of time.)
[Jason breathes a sigh of relief]

"I've got you under my skin"

Jason
    $800 17
Great Britain

Patricia
    $800 22
snakes

Triple Stumper
    $1200 3
a rook

Jason
    $9,000 8
Howdy Doody

Jason
    $2,000 13
Bauhaus

Patricia
    $1200 28
back nine

Dave
    $1200 18
Sylvia Plath

Jason
    $1200 23
(Alex: Minute to go now.)

the Aegean Sea

Dave
    $1600 5
(Patricia: What is the opposite color?)

her own color

DavePatricia
    $1600 9
Paul Lynde

Jason
    $1600 15
(Patricia: What is Modernist?)
...
(Alex: They were leaders in [*].)

the Chicago School of Architecture

Patricia
Triple Stumper
    $1600 29
(Jason: What is three cigarettes on a match? [*]?)
...
[The end-of-round signal sounds.]
(Alex: Ah, we won't have a chance for that last word puzzle.)

three on a match

Jason
    $1600 19
(Patricia: What is New York?)

Pennsylvania

JasonPatricia
    $1600 24
Helios

Triple Stumper
    $2000 6
"Endgame"

Jason
    $2000 10
Fawlty Towers

Patricia
    $2000 16
(Inigo) Jones

Jason
    $2000 20
(Alex: Sonny Rollins played [*].)

the saxophone

Triple Stumper
    $2000 25
Suleiman

Patricia

Scores at the end of the Double Jeopardy! Round:

Jason Dave Patricia
$27,200 $8,400 $6,000
(lock game)

[wagering suggestions for these scores]

Final Jeopardy! Round responses

BRITISH LITERARY CHARACTERS
(Alex: [*], created by Conan Arthur Doyle; his favorite poet was Oliver Wendell Holmes.)
PatriciaWho is Dickinson?
$2,401
DaveWho is Longfellow???
$4,000
JasonWho is Holmes?
$2,800
Sherlock Holmes

Final scores:

Jason Dave Patricia
$30,000 $4,400 $3,599
4-day champion: $90,041 2nd place: a trip to Cabo San Lucas, Mexico 3rd place: a trip to Squaw Valley

Game dynamics:

Coryat scores:

Jason Dave Patricia
$20,400 $8,400 $5,200
22 R
(including 1 DD),
2 W
(including 1 DD)
13 R,
1 W
16 R
(including 1 DD),
6 W

Combined Coryat: $34,000

The J! Archive is created by fans, for fans. The Jeopardy! game show and all elements thereof, including but not limited to copyright and trademark thereto, are the property of Jeopardy Productions, Inc. and are protected under law. This website is not affiliated with, sponsored by, or operated by Jeopardy Productions, Inc. Join the discussion at JBoard.tv.